| 000 | 00982nam a22002057a 4500 | ||
|---|---|---|---|
| 003 | OSt | ||
| 005 | 20160620110003.0 | ||
| 008 | 150409b xxu||||| |||| 00| 0 eng d | ||
| 040 | _cBMC | ||
| 082 | _a658 | ||
| 100 | 1 |
_934328 _aFigueroa Manzanares, Néstor Geovanni |
|
| 245 | 1 | 0 |
_aPasantía de asistencia a la coordinación de la gestión financiera del Ministerio de Educación en el Departamento de Santa Ana _b: Informe final _cNéstor Geovanni Figueroa Manzanares |
| 260 |
_aSanta Ana (El Salvador) _bUniversidad Católica de El Salvador _c2012 |
||
| 300 |
_a1 v. (pág. var.) _bil. col _c28 cm _e+ 1 disco compacto |
||
| 500 | _aPrecede al tít.: Universidad Católica de El Salvador, Facultad de Ciencias Empresariales | ||
| 502 | _aTrabajo de graduación para optar al grado académico de Licenciado en Administración de Empresas | ||
| 650 | 2 | 4 |
_94915 _aGestión |
| 710 | 2 |
_91067 _aUniversidad Católica de El Salvador _bFacultad de Ciencias Empresariales |
|
| 942 |
_2ddc _cTG |
||
| 999 |
_c20889 _d20889 |
||